000 00540cam a22002291 4500
001 sa 67006014
003 DLC
005 20260227112402.0
008 940823s1965 ii 000 1 orio
010 _asa 67006014
025 _aPL480:I-O-740
035 _a(OCoLC)30996265
040 _aDLC
_cCU
_dCU
_dDLC
042 _apremarc
050 0 0 _aPK2579.M284
_bK8
100 1 _aMahanti, Brajamohan.
245 1 0 _aKuān̐tārāra kābya.
250 _a[1st ed.]
260 _c[1965]
300 _a96 p.
_c22 cm.
500 _aIn Oriya.
999 _c75614
_d75614